000 00778nam a2200253 i 4500
001 C2-0331822
003 PPAK
005 20180728132133.0
008 150702s2014 my |||| ||||| | may d
020 _a9789675428050
040 _aPPAK
_beng
_cPPAK
_erda
082 0 4 _a658.872
_223
090 0 0 _a658.872
_bAZI
_dG
100 0 _aAzizi Ali,
_d1962-
_eauthor
245 1 0 _aJalan pintas kekayaan :
_brahsia menjana wang yang banyak melalui pemasaran informasi
250 _aEdisi terkini
264 1 _aPetaling Jaya, Selangor :
_bTrueWealth Sdn. Bhd. ,
_c2014
300 _a177 pages ;
_c21 cm
336 _2rdacontent
_atext
337 _2rdamedia
_aunmediated
338 _2rdacarrier
_avolume
650 1 0 _aInternet marketing. ; Success in business.
942 _ddc
_cB
999 _c130527
_d130527